00427nam a2200157Ia 4500008004100000020001500041041001200056082001600068100001700084245009100101250000800192260002500200300000800225650001900233700001700252221030s9999 xx 000 0 und d a0070605025 aEnglish a105.23bLip aS. Lipschutz 0aSchaum`s Outline of Theroy & Problems of Linear Algebracby S. Lipschutz, L. M. Lipson a3rd bTMHaNew Delhic2006 a424 aBE Mathematics aL. M. Lipson